Movie Quotes #4 (Sci-fi/Fantasy) - Statistics

General Stats
  • This quiz has been taken 29 times
  • The average score is 7 of 15
Answer Stats
Hint Answer % Correct
"You cannot pass! I am a servant of the Secret Fire, wielder of the Flame of Anor. The dark fire will not avail you, Flame of Udun! Go back to the shadow. You shall not pass!" (2001) The Lord of the Rings: The Fellowship of the Ring
86%
"Ocean's dying, plankton's dying... it's people... They're making our food out of people. Next thing they'll be breeding us like cattle for food. You've gotta tell them. You've gotta tell them!" (1973) Soylent Green
68%
"He didn't fall? Inconceivable." "You keep using that word. I do not think it means what you think in means." (1987) The Princess Bride
68%
"I know kung fu." "Show me." (1999) The Matrix
64%
"Game over, man. Game over!" (1986) Aliens
59%
"I'm here about some monkeys." "Monkeys?" "Monkeys. Yes." (1995) 12 Monkeys
55%
"Now, this is the plan. Get your ass to Mars." (1990) Total Recall
55%
"Everyone's trying to get out of Washington, and we're the only schmucks trying to get in." (1996) Independence Day
50%
"Allow me to introduce myself. My name is Korg. I'm made of rocks, as you can see, but don't let that intimidate you. You don't need to be afraid, unless you're made of scissors! Just a little Rock, Paper, Scissors joke for you." (2017) Thor: Ragnarok
50%
"You either die a hero or you live long enough to see yourself become the villain." (2008) The Dark Knight
41%
"Mul-ti-pass." (1997) The Fifth Element
41%
"I am a leaf on the wind - watch how I soar." (2005) Serenity
27%
"This is for all you new people. I have only one rule. Everybody fights, no one quits. If you don't do your job, I'll kill you myself! Welcome to the Roughnecks!" (1997) Starship Troopers
18%
"Won't that be grand? Computers and the programs will start thinking and the people will stop." (1982) Tron
18%
"Don't call me a peck!" "Oh, I'm sorry! Peck! Peck! Peck, peck, peck, peck, peck, peck, peck!" (1988) Willow
14%
No matching quizzes found
Score Distribution
Percent of People with Each Score
Percentile by Number Answered
Your Score History
You have not taken this quiz